Management Review (2000 Dec. - (Record no. 253498)

MARC details
000 -LEADER
fixed length control field 00322nam a2200121Ia 4500
008 - FIXED-LENGTH DATA ELEMENTS--GENERAL INFORMATION
fixed length control field 240126s9999 xx 000 0 und d
041 ## - LANGUAGE CODE
Language code of text/sound track or separate title English
245 #0 - TITLE STATEMENT
Title Management Review (2000 Dec. -
260 ## - PUBLICATION, DISTRIBUTION, ETC.
Name of publisher, distributor, etc. Indian Institute of Management, B.lore
Place of publication, distribution, etc. Bangalore
440 ## - SERIES STATEMENT/ADDED ENTRY--TITLE
Title I
520 ## - SUMMARY, ETC.
Summary, etc. Subs.No : 20051201363
942 ## - ADDED ENTRY ELEMENTS (KOHA)
Koha item type Journals
Holdings
Date last seen Total checkouts Accession number Volume/Issue Number Cost, total (INR) price Price effective from Category Lost status Damaged status Department Withdrawn status Home library Current library Shelving location Entry date Vendor Cost, normal purchase price Grants Billdate Currency symbol Conversion rate Discount Old discount
26/01/2024   JN15290 19(3)(Sep. 2007) 99.00 26/01/2024 Journals     Central Library   Central Library Central Library     LBPD- L.B. Publishers & Distributors Pvt. Ltd. 100.00 MBA 27/12/2010 RS 1 1 1

© For any Suggestions or Query, please contact the library staff @ librarian@pes.edu or Phone: +9180 2672 1983/ 2108.